| 000 | 01211nam a22003137a 4500 | ||
|---|---|---|---|
| 005 | 20120119105813.0 | ||
| 008 | 120119t xxu||||| |||| 00| 0 eng d | ||
| 010 | _aENG-104776 | ||
| 020 |
_a9788132107521 _c500.00 |
||
| 035 | _aEN-88309 | ||
| 037 | _bDBAD/PUB | ||
| 040 |
_aDPL _bEng |
||
| 082 | 0 | 0 | _a370.954 |
| 100 | 1 | _939544 | |
| 245 | 1 | 0 |
_aBridging the gap : _cedited by Latha Pillai [and] Babu P. Remesh _bessays on inclusive development and education / |
| 260 |
_aNew Delhi _bSAGE Publications _c2011 |
||
| 270 |
_aB1/I-1 Mohan Cooperative Industrial Area, Mathura Road _bNew Delhi _e110044 |
||
| 300 |
_axvii, 133 p. _c23cm(Hb) |
||
| 500 | _aIncludes index. | ||
| 650 |
_aMarginality, Social _zIndia _939569 |
||
| 650 |
_aEducation _z India. _939570 |
||
| 651 |
_aIndia _xSocial policy. _939571 |
||
| 651 |
_aIndia _xEconomic policy |
||
| 700 |
_d1959- _939561 _aPillai, Latha |
||
| 700 |
_939562 _aRemesh, Babu P. |
||
| 942 |
_2ddc _cEN _h370.954 _mBRI |
||
| 999 |
_c61149 _d61149 |
||